| 000 | 00851nam a2200313Ia 4500 | ||
|---|---|---|---|
| 003 | OSt | ||
| 005 | 20220912151332.0 | ||
| 006 | a|||||r|||| 00| 0 | ||
| 007 | ta | ||
| 008 | 220909b |||||||| |||| 00| 0 eng d | ||
| 020 | _a3540674497 (pbk) | ||
| 024 | _a7232 | ||
| 037 | _bSelectbook, | ||
| 037 | _cTextual | ||
| 040 |
_aCSL _beng _cCSL |
||
| 041 | _aeng | ||
| 082 | _aB311, P0 | ||
| 100 | _aRitter Klaus | ||
| 245 | 0 | _aAverage-case analysis of numerical problems | |
| 260 |
_aBerlin _bSpringer-Verlag _c2000 |
||
| 300 | _aix,254p | ||
| 490 | _aLecture notes in mathematics; 1733 | ||
| 500 | _aBibliography 226-244p; Indexes 245-254p | ||
| 650 | _a Analysis | ||
| 650 | _a Numerical analysis | ||
| 650 | _aMathematics | ||
| 942 |
_hB311, P0 _cTEXL _2CC |
||
| 999 |
_c66179 _d66179 |
||